Statistics for Songs by number of views

Click here to take the quiz!

General Stats

  • This quiz has been taken 23 times
  • The average score is 5 of 9

Answer Stats

Number of viewsAnswerArtist% Correct
395,947,529Call me maybeCarly Rae Jepsen
100%
826,811,697BabyJustin Bieber
96%
1,258,458,350Gangnam StylePSY
96%
27,175,104Bad dayDaniel Powter
61%
85,229,556FirefliesOwl City
57%
29,752,636Hot and coldKaty Perry
39%
317,663,349Party in the USAMiley Cyrus
39%
23,472,830Beat itMichael Jackson
30%
93,667,685PaparazziLady Gaga
26%

Score Distribution

Percentile by Number Answered

Percent of People with Each Score

Your Score History

You have not taken this quiz